| 000 | 01658nam0a2200349 4500 | ||
|---|---|---|---|
| 001 | RU\NLR\BIBL_A\011245110 | ||
| 005 | 20260406145547.0 | ||
| 010 |
_a978-5-17-095433-9 _93000 |
||
| 021 |
_aRU _b2016-75442 _94903 |
||
| 035 | _a(NLR Aleph) 011245110 | ||
| 090 |
_a12139006 _c12139006 |
||
| 100 | _a20161014d2016 |||y0rusy50 ca | ||
| 101 | 0 | _arus | |
| 102 | _aRU | ||
| 105 | _ay z 000ay | ||
| 200 | 1 |
_aВеликий Гэтсби _dThe Great Gatsby _e[сборник _eграмматический комментарий _e2000 слов] _fФ.С. Фицджеральд _g[адапт. текста, коммент. С.А. Матвеева] _zeng |
|
| 210 |
_aМосква _cLingua _cАСТ _d2016 |
||
| 215 |
_a315, [2] с. _d18 |
||
| 225 | 1 | _aЭксклюзивное чтение на английском языке | |
| 327 | 1 | _aСодерж.: The Great Gatsby; The curious case of Benjamin Button; The cut-glass bowl | |
| 333 | _a12+ | ||
| 510 | 1 |
_6z45790 _aThe Great Gatsby _zeng |
|
| 606 | 1 |
_aАнглийский язык _jУчебные издания _9972309 _3RU\NLR\AUTH\6646032 |
|
| 686 | 1 | _aШ143.21-93рус | |
| 700 | 1 |
_8rus _7ca _aФицджеральд _bФ. С. _f1896-1940 _gФрэнсис Скотт _3RU\NLR\AUTH\774722 _9114699 |
|
| 702 | 1 |
_4010 _7ca _8rus _aМатвеев _bС. А. _cлингвист, философ _gСергей Александрович _3RU\NLR\AUTH\7732325 _915334 |
|
| 790 | 1 |
_8eng _7ba _aFitzgerald _bF. S. _f1896-1940 _gFrancis Scott _3RU\NLR\AUTH\774723 _9114700 |
|
| 942 | _cBOOK | ||
| 980 | _aNB | ||